[Event "Florianopolis op 9th"]
[Site "Florianopolis"]
[Date "2023.01.29"]
[Round "10"]
[White "Labussiere, Victor"]
[Black "Fier, Alexandr"]
[Result "0-1"]
[WhiteElo "2315"]
[BlackElo "2602"]
[PlyCount "94"]
[EventDate "2023.01.23"]
[EventType "swiss"]
[EventRounds "10"]
[EventCountry "BRA"]
[SourceTitle "CBM 212 Extra"]
[Source "ChessBase"]
[SourceDate "2023.03.31"]
[SourceVersion "1"]
[SourceVersionDate "2023.03.31"]
[SourceQuality "1"]

1. c4 g6 2. g3 Bg7 3. Bg2 d6 4. Nc3 f5 5. d3 Nf6 6. e4 0-0 7. Nge2 fxe4 8. dxe4 c5 9. 0-0 Nc6 10. h3 e5 11. Nd5 Be6 12. Kh2 Qd7 13. Be3 Rf7 14. Qd2 Raf8 15. Nxf6+ Bxf6 16. b3 a6 17. Nc3 Bg7 18. f4 Nd4 19. Rf2 b5 20. cxb5 axb5 21. Raf1 b4 22. Bxd4 cxd4 23. Na4 h5 24. Nb6 Qd8 25. f5 gxf5 26. exf5 Rxf5 27. Rxf5 Rxf5 28. Rxf5 Bxf5 29. Qxb4 h4 30. gxh4 e4 31. Nc4 d5 32. Qc5 Be6 33. Nd2 d3 34. Qe3 Qxh4 35. Nxe4 dxe4 36. Qxe4 Qxe4 37. Bxe4 d2 38. Bc2 Kf7 39. Kg2 Kf6 40. a4 Ke5 41. Bd1 Kd4 42. a5 Kc3 43. a6 Bd4 44. Kg3 Bxb3 45. Bf3 Bc4 46. h4 Bxa6 47. Kf4 Bd3 0-1

[Event "Florianopolis op 9th"]
[Site "Florianopolis"]
[Date "2023.01.27"]
[Round "7"]
[White "De Oliveira, Gustavo Alfredo Bue"]
[Black "Labussiere, Victor"]
[Result "0-1"]
[WhiteElo "2150"]
[BlackElo "2315"]
[PlyCount "96"]
[EventDate "2023.01.23"]
[EventType "swiss"]
[EventRounds "10"]
[EventCountry "BRA"]
[SourceTitle "CBM 212 Extra"]
[Source "ChessBase"]
[SourceDate "2023.03.31"]
[SourceVersion "1"]
[SourceVersionDate "2023.03.31"]
[SourceQuality "1"]

1. Nf3 Nf6 2. d4 g6 3. Bf4 Bg7 4. e3 0-0 5. Be2 d6 6. 0-0 Nfd7 7. h3 Nc6 8. c4 e5 9. Bg3 f5 10. dxe5 dxe5 11. Bh4 Qe8 12. Nc3 e4 13. Nd4 Nc5 14. Ncb5 Rf7 15. Bg3 Ne5 16. b4 Ne6 17. c5 a6 18. Nxe6 Bxe6 19. Nd4 Rd8 20. Qc2 Bd5 21. Rfd1 c6 22. a4 Bf6 23. b5 axb5 24. axb5 Rfd7 25. Rd2 Kg7 26. Qa4 h5 27. Rad1 h4 28. Bf4 Qe7 29. Qb4 Kh7 30. Bf1 Qf7 31. Bh2 Kg7 32. Ra1 Kh7 33. Ra7 Bg7 34. Qa5 g5 35. Ra8 Rxa8 36. Qxa8 f4 37. Qb8 Qf6 38. bxc6 bxc6 39. Ba6 Rd8 40. Qc7 Rd7 41. Qb6 Rf7 42. Qb1 Qg6 43. Rd1 Bh6 44. Bc8 g4 45. exf4 Bxf4 46. Bxf4 Rxf4 47. Bf5 Rxf5 48. Nxf5 Qxf5 0-1

[Event "Sales Oliveira Graton Squarizi Memorial"]
[Site "Sales Oliveira"]
[Date "2022.06.11"]
[Round "6"]
[White "Fier, Alexandr"]
[Black "Labussiere, Victor"]
[Result "1-0"]
[WhiteElo "2567"]
[BlackElo "2349"]
[PlyCount "77"]
[EventDate "2022.06.07"]
[EventType "tourn"]
[EventRounds "9"]
[EventCountry "BRA"]
[EventCategory "9"]
[SourceTitle "CBM 208 Extra"]
[Source "ChessBase"]
[SourceDate "2022.07.31"]
[SourceVersion "1"]
[SourceVersionDate "2022.07.31"]
[SourceQuality "1"]

1. c4 e6 2. Nf3 d5 3. b3 Nf6 4. g3 Be7 5. Bg2 0-0 6. 0-0 b6 7. Bb2 Bb7 8. e3 c5 9. Nc3 Nc6 10. cxd5 Nxd5 11. Nxd5 Qxd5 12. d4 Rfd8 13. Ne5 Qxg2+ 14. Kxg2 Nxe5+ 15. f3 cxd4 16. exd4 Nc6 17. d5 exd5 18. Re1 Bc5 19. a3 a5 20. Qd3 d4 21. Bc1 Re8 22. Bf4 Re7 23. Rxe7 Nxe7 24. Bd2 Nd5 25. Qb5 Ne3+ 26. Bxe3 dxe3 27. Qd7 Bc8 28. Qc6 Rb8 29. Qc7 Ra8 30. Rd1 h6 31. Qc6 e2 32. Re1 Rb8 33. Qe8+ Bf8 34. Rxe2 Ra8 35. Qc6 Ba6 36. Rd2 Rb8 37. Qc7 Ra8 38. Qxb6 a4 39. bxa4 1-0

[Event "Sales Oliveira Graton Squarizi Memorial"]
[Site "Sales Oliveira"]
[Date "2022.06.09"]
[Round "3"]
[White "Diamant, Andre"]
[Black "Labussiere, Victor"]
[Result "1/2-1/2"]
[WhiteElo "2539"]
[BlackElo "2349"]
[PlyCount "142"]
[EventDate "2022.06.07"]
[EventType "tourn"]
[EventRounds "9"]
[EventCountry "BRA"]
[EventCategory "9"]
[SourceTitle "CBM 208 Extra"]
[Source "ChessBase"]
[SourceDate "2022.07.31"]
[SourceVersion "1"]
[SourceVersionDate "2022.07.31"]
[SourceQuality "1"]

1. d4 d5 2. c4 e6 3. Nc3 a6 4. cxd5 exd5 5. Bf4 Nf6 6. e3 c5 7. Nge2 Nc6 8. g3 cxd4 9. Nxd4 Qb6 10. Qb3 Bb4 11. Bg2 Nxd4 12. exd4 Bxc3+ 13. bxc3 Qe6+ 14. Be5 Ne4 15. f3 Nc5 16. Qa3 Nd3+ 17. Kd2 Nxe5 18. dxe5 Bd7 19. f4 Bc6 20. Rab1 Rd8 21. Qc5 h5 22. Rhf1 h4 23. f5 Qh6+ 24. Rf4 hxg3 25. hxg3 Qg5 26. f6 Rd7 27. fxg7 Qxg7 28. Rbf1 Qg5 29. R1f2 Kd8 30. Qe3 Rg8 31. Bh3 Re7 32. Qb6+ Ke8 33. Qa7 Rxe5 34. Qb8+ Ke7 35. Qc7+ Ke8 36. Kc2 Re1 37. Qxf7+ Kd8 38. Kb2 Qg6 39. Qxg6 Rxg6 40. R4f3 Rg1 41. g4 Kc7 42. Rf7+ Kd6 43. R7f6+ Rxf6 44. Rxf6+ Ke5 45. Rf5+ Ke4 46. Rf1 Rg3 47. Rh1 Kf4 48. Rh2 Bb5 49. Bg2 Bc4 50. g5 Rxg5 51. Bf1 Bxf1 52. Rf2+ Ke3 53. Rxf1 Rg6 54. Kc2 Rb6 55. Re1+ Kf4 56. Re7 Kf5 57. Kd3 Kf6 58. Rh7 Rb2 59. Kd4 Ke6 60. a4 Kd6 61. Rh6+ Kc7 62. Kxd5 Ra2 63. Kc5 b6+ 64. Rxb6 Rxa4 65. Rh6 Ra5+ 66. Kd4 Kb7 67. c4 Rg5 68. c5 Kc7 69. Rxa6 Rg4+ 70. Kd5 Rg5+ 71. Kc4 Rg1 1/2-1/2

[Event "Florianopolis op 8th"]
[Site "Florianopolis"]
[Date "2022.01.29"]
[Round "8"]
[White "Federzoni, Enzo"]
[Black "Labussiere, Victor"]
[Result "1-0"]
[WhiteElo "2138"]
[BlackElo "2341"]
[PlyCount "111"]
[EventDate "2022.01.24"]
[EventType "swiss"]
[EventRounds "10"]
[EventCountry "BRA"]
[SourceTitle "EXT 2023"]
[Source "ChessBase"]
[SourceDate "2022.10.05"]
[SourceVersion "1"]
[SourceVersionDate "2022.10.05"]
[SourceQuality "1"]

1. e4 c5 2. Nf3 Nc6 3. d4 cxd4 4. Nxd4 e6 5. Nc3 Qc7 6. Qd3 a6 7. Nxc6 bxc6 8. Qg3 d6 9. Be2 Nf6 10. 0-0 e5 11. f4 Be6 12. Kh1 exf4 13. Bxf4 Nd7 14. Rad1 Ne5 15. Bxe5 dxe5 16. Bg4 Bxg4 17. Qxg4 Qc8 18. Qg3 Qe6 19. Na4 f6 20. Qc3 Kf7 21. Nc5 Bxc5 22. Qxc5 Rhd8 23. h3 Kg6 24. b3 Rab8 25. a4 Rd7 26. Rxd7 Qxd7 27. Rf3 h6 28. Rd3 Qe8 29. Qa7 Kh7 30. Rd7 Qf8 31. Qxa6 Qc5 32. Qd3 Rb4 33. Qg3 Qf8 34. c4 Rb8 35. a5 Rd8 36. Rc7 c5 37. Qg4 Ra8 38. a6 f5 39. Qxf5+ Qxf5 40. exf5 Rxa6 41. Rxc5 e4 42. Re5 Ra3 43. b4 Ra4 44. Rxe4 Rxb4 45. Kh2 Kg8 46. Kg3 Kf7 47. Kf4 Ra4 48. c5 Ra7 49. c6 Rc7 50. Re6 Ra7 51. Ke5 Ra1 52. c7 Rc1 53. Kd6 Rc2 54. Kd7 Rd2+ 55. Rd6 Rc2 56. c8Q 1-0

[Event "Florianopolis op 8th"]
[Site "Florianopolis"]
[Date "2022.01.27"]
[Round "5"]
[White "Labussiere, Victor"]
[Black "Kropff, Ricardo"]
[Result "1-0"]
[WhiteElo "2341"]
[BlackElo "2132"]
[PlyCount "57"]
[EventDate "2022.01.24"]
[EventType "swiss"]
[EventRounds "10"]
[EventCountry "BRA"]
[SourceTitle "CBM 206 Extra"]
[Source "ChessBase"]
[SourceDate "2022.03.31"]
[SourceVersion "1"]
[SourceVersionDate "2022.03.31"]
[SourceQuality "1"]

1. c4 Nf6 2. Nc3 d5 3. cxd5 Nxd5 4. Nf3 Nxc3 5. bxc3 g6 6. h4 h6 7. g3 Bg7 8. Bg2 0-0 9. 0-0 Nd7 10. d4 c5 11. e4 Qa5 12. Qb3 Nb6 13. Bd2 Bd7 14. Rac1 Ba4 15. Qb1 Nc4 16. Bf4 Bb5 17. Rfe1 cxd4 18. cxd4 Rac8 19. d5 Nb2 20. Rxc8 Rxc8 21. Rc1 Rxc1+ 22. Qxc1 Bc4 23. Bxh6 Qxa2 24. Bxg7 Kxg7 25. Qc3+ Kg8 26. Ne5 Qb3 27. Qa5 Qb6 28. Qa3 Nd1 29. Qf3 1-0

[Event "Florianopolis op 8th"]
[Site "Florianopolis"]
[Date "2022.01.25"]
[Round "3"]
[White "Labussiere, Victor"]
[Black "Piekarski, Atila Balzer"]
[Result "1-0"]
[WhiteElo "2341"]
[BlackElo "2032"]
[PlyCount "71"]
[EventDate "2022.01.24"]
[EventType "swiss"]
[EventRounds "10"]
[EventCountry "BRA"]
[SourceTitle "CBM 206 Extra"]
[Source "ChessBase"]
[SourceDate "2022.03.31"]
[SourceVersion "1"]
[SourceVersionDate "2022.03.31"]
[SourceQuality "1"]

1. e4 c6 2. d4 d5 3. e5 c5 4. dxc5 e6 5. Qg4 h5 6. Qf4 Bxc5 7. Nf3 Nc6 8. Bd3 Nb4 9. Qg3 Nxd3+ 10. cxd3 Kf8 11. 0-0 Bd7 12. d4 Be7 13. b3 Bb5 14. Re1 Bd3 15. Ba3 Bxb1 16. Bxe7+ Nxe7 17. Raxb1 Rc8 18. Rbc1 Rxc1 19. Rxc1 Nc6 20. Qf4 h4 21. b4 Rh5 22. a3 a6 23. g4 hxg3 24. hxg3 Ke7 25. g4 Rh8 26. Qg5+ Kf8 27. Qxd8+ Nxd8 28. Rc7 Ke8 29. Kg2 Rh7 30. a4 Rh6 31. b5 axb5 32. axb5 Rg6 33. Kg3 f5 34. g5 b6 35. Kf4 Nf7 36. Rb7 1-0

[Event "Gojas State-ch"]
[Site "Goiania"]
[Date "2021.12.03"]
[Round "2"]
[White "Ferraz, Michel Liah"]
[Black "Labussiere, Victor"]
[Result "0-1"]
[WhiteElo "1953"]
[BlackElo "2316"]
[PlyCount "96"]
[EventDate "2021.12.03"]
[EventType "swiss"]
[EventRounds "6"]
[EventCountry "BRA"]
[SourceTitle "EXT 2023"]
[Source "ChessBase"]
[SourceDate "2022.10.05"]
[SourceVersion "1"]
[SourceVersionDate "2022.10.05"]
[SourceQuality "1"]

1. d4 d5 2. c4 dxc4 3. e4 Nf6 4. e5 Nd5 5. Bxc4 Nb6 6. Bb3 Nc6 7. Be3 Bf5 8. Nc3 e6 9. g4 Bg6 10. a3 h5 11. g5 Ne7 12. Qf3 Ned5 13. Nge2 h4 14. Rc1 Qd7 15. Rg1 Rc8 16. Nxd5 Nxd5 17. Nc3 Nxc3 18. Rxc3 c6 19. Qd1 Be7 20. Qc1 Bd8 21. Bc4 Bb6 22. Rg4 Bf5 23. Rf4 Qd8 24. f3 Rc7 25. Kf2 Kf8 26. g6 Rd7 27. gxf7 Bxd4 28. Bxd4 Rxd4 29. Rxf5 exf5 30. e6 Qd6 31. Qg1 Rxc4 32. e7+ Qxe7 33. Rxc4 Kxf7 34. Qd1 Rd8 35. Qc2 Qg5 36. f4 Qf6 37. Qb3 Kg6 38. Qxb7 Rd2+ 39. Kf3 Rd6 40. Qxa7 Qe6 41. Qg1+ Kh7 42. Qc1 Qd5+ 43. Kf2 h3 44. Qc2 Rg6 45. Qc3 Qg2+ 46. Ke3 Re6+ 47. Kd3 Qe2+ 48. Kd4 Qf2+ 0-1

[Event "BRA-ch 87th"]
[Site "Cuiaba"]
[Date "2021.11.02"]
[Round "9"]
[White "Lima, Darcy Gustavo Macha"]
[Black "Labussiere, Victor"]
[Result "1-0"]
[WhiteElo "2508"]
[BlackElo "2291"]
[PlyCount "87"]
[EventDate "2021.10.28"]
[EventType "swiss"]
[EventRounds "11"]
[EventCountry "BRA"]
[SourceTitle "CBM 205 Extra"]
[Source "ChessBase"]
[SourceDate "2022.01.31"]
[SourceVersion "1"]
[SourceVersionDate "2022.01.31"]
[SourceQuality "1"]

1. Nf3 d5 2. g3 Nf6 3. Bg2 g6 4. d4 Bg7 5. c4 c6 6. cxd5 cxd5 7. Nc3 0-0 8. Ne5 Nc6 9. Nxc6 bxc6 10. 0-0 e5 11. dxe5 Ng4 12. Na4 Nxe5 13. Be3 Qf6 14. Rc1 Nc4 15. Bc5 Re8 16. b3 Nb6 17. Nc3 Ba6 18. Qd2 Nd7 19. Ba3 Qf5 20. Rfe1 Nf6 21. Bb2 Ng4 22. Nd1 Bxb2 23. Qxb2 Re6 24. h3 Ne5 25. Ne3 Qf6 26. Qa3 d4 27. Qxa6 dxe3 28. f4 Nd7 29. Rxc6 Rae8 30. Rxe6 Rxe6 31. Qxa7 Re7 32. Rd1 Qe6 33. Qa8+ Kg7 34. Qa3 Nf6 35. Qb2 Qf5 36. Rd5 Qc8 37. g4 h6 38. Rd6 Re6 39. Rxe6 fxe6 40. g5 hxg5 41. fxg5 Kh7 42. gxf6 Qc7 43. Qb1 Qg3 44. Qf1 1-0

[Event "BRA-ch 87th"]
[Site "Cuiaba"]
[Date "2021.10.31"]
[Round "6"]
[White "Labussiere, Victor"]
[Black "Sekula, Markley Ribas"]
[Result "1-0"]
[WhiteElo "2291"]
[BlackElo "2092"]
[PlyCount "120"]
[EventDate "2021.10.28"]
[EventType "swiss"]
[EventRounds "11"]
[EventCountry "BRA"]
[SourceTitle "CBM 205 Extra"]
[Source "ChessBase"]
[SourceDate "2022.01.31"]
[SourceVersion "1"]
[SourceVersionDate "2022.01.31"]
[SourceQuality "1"]

1. e4 e5 2. Bc4 Nf6 3. d3 c6 4. Nf3 d5 5. Bb3 Bd6 6. Nc3 dxe4 7. Ng5 0-0 8. Ncxe4 Nxe4 9. Nxe4 Bf5 10. Ng3 Qd7 11. Nxf5 Qxf5 12. 0-0 Na6 13. a3 Rad8 14. Qe2 Nc5 15. Ba2 Ne6 16. Be3 Nd4 17. Qd2 Qg6 18. Bxd4 exd4 19. Rad1 Rfe8 20. Qa5 Bb8 21. g3 b6 22. Qa6 h5 23. Qb7 h4 24. Rfe1 Rf8 25. Kg2 Qf6 26. Re4 g5 27. gxh4 Qd6 28. Qe7 Qxe7 29. Rxe7 gxh4 30. Re4 Kg7 31. Rxh4 Rh8 32. Rxh8 Rxh8 33. h3 Kf6 34. Re1 Rg8+ 35. Kf3 Rh8 36. Rh1 Rh5 37. h4 Rf5+ 38. Kg2 Bf4 39. Re1 Bh6 40. Re4 c5 41. b4 Bd2 42. b5 Rh5 43. Kg3 Rh8 44. Rg4 Re8 45. Bb3 Rh8 46. Re4 Rg8+ 47. Kf3 Rh8 48. Bc4 Bc1 49. a4 Bd2 50. Ke2 Bh6 51. Kf3 Bd2 52. h5 Rxh5 53. Re8 Re5 54. Ra8 Re7 55. Kg4 Ke5 56. Rg8 Bh6 57. Rd8 f5+ 58. Kh5 Bd2 59. Kg6 Kf4 60. Rh8 Kg4 1-0

[Event "BRA-ch 87th"]
[Site "Cuiaba"]
[Date "2021.10.31"]
[Round "5"]
[White "Souza Neves, Andrey Marcelo"]
[Black "Labussiere, Victor"]
[Result "0-1"]
[WhiteElo "2087"]
[BlackElo "2291"]
[PlyCount "100"]
[EventDate "2021.10.28"]
[EventType "swiss"]
[EventRounds "11"]
[EventCountry "BRA"]
[SourceTitle "CBM 205 Extra"]
[Source "ChessBase"]
[SourceDate "2022.01.31"]
[SourceVersion "1"]
[SourceVersionDate "2022.01.31"]
[SourceQuality "1"]

1. e4 c5 2. c3 Nf6 3. e5 Nd5 4. Nf3 Nc6 5. Bc4 Nb6 6. Bb3 g6 7. d4 cxd4 8. cxd4 Bg7 9. Ng5 0-0 10. 0-0 d5 11. f4 f6 12. Nf3 Bf5 13. Nh4 Be4 14. Nc3 Kh8 15. Be3 Na5 16. Nxe4 Nxb3 17. axb3 dxe4 18. f5 fxe5 19. fxg6 Rxf1+ 20. Kxf1 Nd5 21. Bg5 h6 22. Kg1 Nf4 23. Bxf4 exf4 24. Nf5 e6 25. Nxg7 Kxg7 26. Ra4 Qd5 27. Rc4 Rd8 28. Qg4 Qd6 29. h4 b5 30. Rc1 Qxd4+ 31. Kh2 Qe5 32. Rc6 f3+ 33. Qg3 Qxg3+ 34. Kxg3 fxg2 35. Kxg2 Kxg6 36. Rxe6+ Kf5 37. Rxh6 Rd2+ 38. Kf1 Rxb2 39. Rh5+ Kf4 40. Rxb5 Kf3 41. Rf5+ Ke3 42. Ra5 Rf2+ 43. Kg1 Rf7 44. b4 Kd3 45. Ra3+ Kd4 46. b5 e3 47. Ra4+ Kd3 48. h5 Rg7+ 49. Kf1 e2+ 50. Kf2 Rf7+ 0-1

[Event "Titled Tuesday intern op 26th Oct"]
[Site "Chess.com INT"]
[Date "2021.10.26"]
[Round "5"]
[White "Labussiere, Victor"]
[Black "Lauridsen, Jesper Morch"]
[Result "0-1"]
[WhiteElo "2291"]
[BlackElo "2215"]
[PlyCount "52"]
[EventDate "2021.10.26"]
[EventType "swiss (blitz)"]
[EventRounds "11"]
[EventCountry "USA"]
[SourceTitle "CBM 204 Extra"]
[Source "ChessBase"]
[SourceDate "2021.11.30"]
[SourceVersion "1"]
[SourceVersionDate "2021.11.30"]
[SourceQuality "1"]

1. c4 e6 2. Nf3 Nf6 3. d4 d5 4. g3 c5 5. cxd5 exd5 6. Bg2 Nc6 7. 0-0 Be7 8. Nc3 0-0 9. dxc5 d4 10. Na4 Bf5 11. b3 Ne4 12. Bb2 Bf6 13. Rc1 Re8 14. Rc4 Na5 15. Rc1 Nc6 16. Ne1 Qe7 17. Nd3 Rad8 18. Re1 Bg5 19. Ra1 Qf6 20. Bc1 Bxc1 21. Qxc1 Bg6 22. Qc4 Ne5 23. Nxe5 Qxf2+ 24. Kh1 Rxe5 25. Rf1 Nxg3+ 26. hxg3 Rh5+ 0-1

[Event "Titled Tuesday intern op 26th Oct"]
[Site "Chess.com INT"]
[Date "2021.10.26"]
[Round "3"]
[White "Labussiere, Victor"]
[Black "Szente Varga, Fruzsina"]
[Result "0-1"]
[WhiteElo "2291"]
[BlackElo "2068"]
[PlyCount "92"]
[EventDate "2021.10.26"]
[EventType "swiss (blitz)"]
[EventRounds "11"]
[EventCountry "USA"]
[SourceTitle "CBM 204 Extra"]
[Source "ChessBase"]
[SourceDate "2021.11.30"]
[SourceVersion "1"]
[SourceVersionDate "2021.11.30"]
[SourceQuality "1"]

1. Nf3 Nf6 2. b3 d5 3. Bb2 g6 4. g3 Bg7 5. Bg2 0-0 6. 0-0 c5 7. d3 Nc6 8. Ne5 Ng4 9. Nxc6 bxc6 10. Bxg7 Kxg7 11. Nc3 e5 12. Na4 Qe7 13. Qc1 Nf6 14. Qa3 Nd7 15. e3 Re8 16. Rfe1 h5 17. Rac1 h4 18. c4 hxg3 19. hxg3 e4 20. cxd5 exd3 21. dxc6 d2 22. Qb2+ Ne5 23. Qxd2 Bg4 24. Qb2 Qf6 25. f4 Nd3 26. Qxf6+ Kxf6 27. Nxc5 Nxc1 28. Rxc1 Rxe3 29. Nd7+ Bxd7 30. cxd7 Rd8 31. Bc6 Rxg3+ 32. Kf2 Rd3 33. Ke2 Rd4 34. Ke3 Rd6 35. Ba4 Ke6 36. Rc8 Ke7 37. Rc7 a6 38. Ra7 f5 39. Ke2 Rh8 40. Rc7 Rh2+ 41. Ke3 Rxa2 42. Rc8 Rad2 43. Rc3 Kf6 44. Bc6 g5 45. fxg5+ Kxg5 46. Rc5 R6d3# 0-1

[Event "Titled Tuesday intern op 26th Oct"]
[Site "Chess.com INT"]
[Date "2021.10.26"]
[Round "2"]
[White "Labussiere, Victor"]
[Black "Xie, Bryan"]
[Result "1-0"]
[WhiteElo "2291"]
[BlackElo "2019"]
[PlyCount "149"]
[EventDate "2021.10.26"]
[EventType "swiss (blitz)"]
[EventRounds "11"]
[EventCountry "USA"]
[SourceTitle "CBM 204 Extra"]
[Source "ChessBase"]
[SourceDate "2021.11.30"]
[SourceVersion "1"]
[SourceVersionDate "2021.11.30"]
[SourceQuality "1"]

1. e4 c5 2. Nf3 e6 3. g3 Nc6 4. Bg2 Qc7 5. 0-0 Nf6 6. Qe2 a6 7. e5 Nd5 8. Nc3 Nxc3 9. dxc3 g6 10. Bf4 Bg7 11. h4 h5 12. Rfe1 b5 13. Ng5 Bb7 14. Rad1 Ne7 15. Bxb7 Qxb7 16. Ne4 Qc6 17. Bg5 Nd5 18. Nd6+ Kf8 19. Qf3 f5 20. exf6 Nxf6 21. Qf4 Ke7 22. Ne4 Rhf8 23. Rd6 Qb7 24. Nxc5 Qc8 25. Rxd7+ Qxd7 26. Nxd7 Kxd7 27. Qd4+ Ke7 28. Qc5+ Kf7 29. Qc7+ Kg8 30. Rxe6 Nd5 31. Qc5 Rf5 32. Rxg6 Kh7 33. Qc6 Raf8 34. f4 b4 35. Rd6 bxc3 36. b3 Ne3 37. Qf3 Ng4 38. Qd3 Kh8 39. Rd8 Rxd8 40. Qxd8+ Kh7 41. Qd3 Kg6 42. Qxa6+ Kh7 43. Qd3 Kg6 44. a4 Bf8 45. Kg2 Bc5 46. Kf3 Ne3 47. Qa6+ Kg7 48. Qb7+ Kg6 49. Qc6+ Kg7 50. Qh6+ Kf7 51. Qh7+ Ke6 52. Qg6+ Kd5 53. Qg8+ Kc6 54. a5 Kb5 55. Qa8 Nxc2 56. a6 Nd4+ 57. Ke4 Rf7 58. Qe8+ Nc6 59. Qxf7 Kxa6 60. Qc4+ Kb6 61. Qxc3 Nb4 62. Qf6+ Kb5 63. Qc3 Nc6 64. Qc4+ Kb6 65. Qe6 Kb5 66. f5 Nd4 67. Qc4+ Kb6 68. Bd8+ Kc6 69. Qd5+ Kb5 70. Be7 Kb4 71. Bxc5+ Kc3 72. Bxd4+ Kb4 73. Qc4+ Ka5 74. Qc5+ Ka6 75. Qb6# 1-0

[Event "Goiania Barbosa Nunes Cup 1st"]
[Site "Goiania"]
[Date "2021.10.16"]
[Round "5"]
[White "Almeida Junior, Alvaro Alves de"]
[Black "Labussiere, Victor"]
[Result "0-1"]
[WhiteElo "2106"]
[BlackElo "2291"]
[PlyCount "88"]
[EventDate "2021.10.15"]
[EventType "swiss"]
[EventRounds "6"]
[EventCountry "BRA"]
[SourceTitle "EXT 2023"]
[Source "ChessBase"]
[SourceDate "2022.10.05"]
[SourceVersion "1"]
[SourceVersionDate "2022.10.05"]
[SourceQuality "1"]

1. e4 c5 2. Nf3 Nc6 3. d4 cxd4 4. Nxd4 Nf6 5. Nc3 d6 6. g3 g6 7. Nde2 Bg7 8. Bg2 0-0 9. 0-0 Be6 10. h3 Bc4 11. Re1 Qa5 12. Nd5 e6 13. Bd2 Qd8 14. Ne3 Ba6 15. Bc3 Qc7 16. Qd2 Rad8 17. Rad1 Ne7 18. Bb4 Nc8 19. c4 Rfe8 20. b3 b6 21. Nc3 Bb7 22. Nb5 Qb8 23. e5 Ne4 24. Bxe4 Bxe4 25. Ng4 Qb7 26. Nf6+ Bxf6 27. exf6 Bh1 28. f3 Qxf3 29. Qf2 Qxf2+ 30. Kxf2 Bc6 31. Nxd6 Nxd6 32. Bxd6 g5 33. Be7 Rxd1 34. Rxd1 h6 35. Rd6 Rc8 36. h4 h5 37. hxg5 Kh7 38. Ke3 e5 39. b4 a6 40. Rd5 Bxd5 41. cxd5 Rc4 42. Bd8 Rxb4 43. d6 Rd4 44. Bxb6 Rxd6 0-1

[Event "Goiania Barbosa Nunes Cup 1st"]
[Site "Goiania"]
[Date "2021.10.16"]
[Round "4"]
[White "Labussiere, Victor"]
[Black "Fier, Alexandr"]
[Result "1/2-1/2"]
[WhiteElo "2291"]
[BlackElo "2563"]
[PlyCount "103"]
[EventDate "2021.10.15"]
[EventType "swiss"]
[EventRounds "6"]
[EventCountry "BRA"]
[SourceTitle "EXT 2023"]
[Source "ChessBase"]
[SourceDate "2022.10.05"]
[SourceVersion "1"]
[SourceVersionDate "2022.10.05"]
[SourceQuality "1"]

1. Nf3 d5 2. c4 d4 3. b4 f6 4. Na3 e5 5. Nc2 c5 6. bxc5 Ne7 7. d3 Nec6 8. g3 Bxc5 9. Bg2 0-0 10. 0-0 Be6 11. Rb1 Qd7 12. Nd2 Na6 13. Rb5 Rac8 14. Nb3 Be7 15. Na5 Nxa5 16. Rxa5 Rc5 17. Ra3 Bh3 18. Bxh3 Qxh3 19. Rb3 e4 20. Rb5 Rd8 21. dxe4 Rxc4 22. Bb2 Qe6 23. Nxd4 Qc8 24. Qb3 Kh8 25. Rxb7 Nc5 26. Qxc4 Qxb7 27. Ne6 Rc8 28. Nxc5 Rxc5 29. Qf7 h6 30. Ba3 Re5 31. Bxe7 Rxe7 32. Qd5 Qxd5 33. exd5 Rxe2 34. Rd1 Re7 35. d6 Rd7 36. Kg2 Kg8 37. Kf3 Kf7 38. Ke4 Ke6 39. g4 g6 40. h4 Rxd6 41. Rxd6+ Kxd6 42. h5 f5+ 43. Kf4 gxh5 44. gxh5 Ke6 45. Ke3 Ke5 46. f3 Kd5 47. Kf4 Ke6 48. Ke3 Ke5 49. f4+ Kd5 50. Kd3 Kc5 51. Kc3 Kd5 52. Kd3 1/2-1/2

[Event "Online Olym Div Top-D"]
[Site "Chess.com INT"]
[Date "2021.09.10"]
[Round "8.3"]
[White "Quirhuayo Chumbe, German Gonzalo"]
[Black "Labussiere, Victor"]
[Result "1-0"]
[WhiteElo "2296"]
[BlackElo "2291"]
[PlyCount "101"]
[EventDate "2021.09.08"]
[EventType "team (rapid)"]
[EventRounds "9"]
[EventCountry "USA"]
[SourceTitle "CBM 204 Extra"]
[Source "ChessBase"]
[SourceDate "2021.11.30"]
[SourceVersion "1"]
[SourceVersionDate "2021.11.30"]
[SourceQuality "1"]
[WhiteTeam "Peru"]
[BlackTeam "Brazil"]
[WhiteTeamCountry "PER"]
[BlackTeamCountry "BRA"]

1. e4 c5 2. Nf3 e6 3. c4 Nc6 4. Nc3 Nf6 5. Be2 Be7 6. d4 cxd4 7. Nxd4 d5 8. exd5 exd5 9. 0-0 0-0 10. Bf3 Nxd4 11. Qxd4 dxc4 12. Qxc4 Be6 13. Qa4 Qb6 14. b3 Rac8 15. Be3 Bc5 16. Bxc5 Rxc5 17. Qd4 Rd8 18. Qe3 Qa5 19. Na4 Re5 20. Qf4 Rf5 21. Qg3 b5 22. Nb2 h5 23. Nd1 b4 24. Ne3 Rg5 25. Qf4 Rc5 26. a3 Rb5 27. Nc4 Bxc4 28. bxc4 Rc5 29. axb4 Qxb4 30. Rxa7 Qxc4 31. Qe3 Rc7 32. Rxc7 Qxc7 33. Rc1 Qd7 34. h3 Qd2 35. Qc5 Qf4 36. Re1 g5 37. Re5 Re8 38. Rxg5+ Kh8 39. Qa5 Qc1+ 40. Kh2 Qf4+ 41. g3 Qxf3 42. Rf5 Qc6 43. Qd2 Nh7 44. Rxf7 Kg8 45. Rf5 Qg6 46. Qd5+ Re6 47. Re5 Nf8 48. Rg5 Kg7 49. f4 Rf6 50. Rxg6+ Nxg6 51. Qxh5 1-0

[Event "Online Olym Div Top-D"]
[Site "Chess.com INT"]
[Date "2021.09.08"]
[Round "3.5"]
[White "Talukdar, Rohan Shyam"]
[Black "Labussiere, Victor"]
[Result "1-0"]
[WhiteElo "2329"]
[BlackElo "2291"]
[PlyCount "81"]
[EventDate "2021.09.08"]
[EventType "team (rapid)"]
[EventRounds "9"]
[EventCountry "USA"]
[SourceTitle "CBM 204 Extra"]
[Source "ChessBase"]
[SourceDate "2021.11.30"]
[SourceVersion "1"]
[SourceVersionDate "2021.11.30"]
[SourceQuality "1"]
[WhiteTeam "Canada"]
[BlackTeam "Brazil"]
[WhiteTeamCountry "CAN"]
[BlackTeamCountry "BRA"]

1. e4 c5 2. Nc3 a6 3. Nge2 Nc6 4. g3 g6 5. Bg2 Bg7 6. 0-0 e6 7. d3 Nge7 8. Be3 Nd4 9. Qd2 0-0 10. Nc1 Rb8 11. Nd1 b6 12. c3 Ndc6 13. d4 cxd4 14. cxd4 d5 15. e5 Nf5 16. Nb3 a5 17. Rc1 Qd7 18. g4 Nxe3 19. Qxe3 Ba6 20. Re1 Nb4 21. Bf1 Bxf1 22. Rxf1 Nxa2 23. Ra1 Nb4 24. Qd2 Rbc8 25. Ne3 Qb5 26. Nc1 f5 27. f4 fxg4 28. Qg2 h5 29. h3 Bh6 30. Qh2 Nd3 31. Qe2 Qxb2 32. Qxd3 Qxa1 33. Qxg6+ Bg7 34. Qxe6+ Kh8 35. Ne2 Qa3 36. Nf5 Qd3 37. Neg3 Rc7 38. hxg4 Rcf7 39. Nxh5 Qh3 40. Qg6 Rxf5 41. Qxg7# 1-0